000 00692nam a2200277Ia 4500
005 20260324130222.0
008 008 260324s9999 xx 000 0 eng d
020 _a9781843925453
037 _aEBOOK
040 _aCRL
040 _beng
040 _cCRL
041 _2eng
041 _aeng
084 _qCRL
100 _aDana Peterson; Inger-Lise Lien; Malcolm W. Klein; Frank van Gemert
_91180948
245 0 _aStreet Gangs, Migration and Ethnicity
260 _bTaylor and Francis
260 _c2008
365 _a
365 _b230
856 _uhttp://www.taylorfrancis.com/books/9781843925453
942 _cEBOOK
999 _c1776928
_d1776928